| 000 | 01277aam a2200421 4500 | ||
|---|---|---|---|
| 005 | 20230613184634.0 | ||
| 008 | 150527b2005 xxu||||| |||| 00| 0 spa d | ||
| 041 | _aESP | ||
| 082 |
_a004.68 D655r _b |
||
| 100 |
_aDoherty, Jim _980242 |
||
| 100 |
_aAnderson, Neil _980243 |
||
| 245 | _aManual imprescindible de redes locales | ||
| 260 |
_aEspaña _bAnaya _c2005 |
||
| 300 | _a544 páginas | ||
| 650 |
_aREDES DE COMPUTADORES _980244 |
||
| 650 |
_aREDES LOCALES _980245 |
||
| 650 |
_aSISTEMA DE RED _980246 |
||
| 650 |
_aCONEXIÓN _980247 |
||
| 650 |
_aINTERNET _980248 |
||
| 650 |
_aTCP/IP _980249 |
||
| 650 |
_aHTTP _980250 |
||
| 650 |
_aHTML _980251 |
||
| 650 |
_aRED DOMÉSTICA _980252 |
||
| 650 |
_aACCESO DE ALTA VELOCIDAD _980253 |
||
| 650 |
_aBANDA ANCHA _980254 |
||
| 650 |
_aREDES INALÁMBRICAS _980255 |
||
| 650 |
_aTECNOLOGÍA INALÁMBRICA _980256 |
||
| 650 |
_aPROTECCIÓN DE LA RED _980257 |
||
| 650 |
_aVIRUS DE COMPUTADORAS _980258 |
||
| 650 |
_aSEGURIDAD _980259 |
||
| 650 |
_aINTERNET _980248 |
||
| 650 |
_aSERVIDORES INALÁMBRICOS _980260 |
||
| 650 |
_aVIGILANCIA CON VIDEO _980261 |
||
| 650 |
_aSISTEMAS DE ENTRETENIMIENTO _980262 |
||
| 650 |
_aJUEGOS ONLINE _980263 |
||
| 650 |
_aSERVICIO TELEFÓNICO POR INTERNET _980264 |
||
| 942 | _cBK | ||
| 999 |
_c2350 _d2350 |
||